Central Library OPAC University of Rajshahi
Normal view MARC view

Entry Topical Term

Number of records used in: 2

001 - CONTROL NUMBER

  • control field: 15118

003 - CONTROL NUMBER IDENTIFIER

  • control field: BD-RjUL

005 - DATE AND TIME OF LATEST TRANSACTION

  • control field: 20250303145557.0

008 - FIXED-LENGTH DATA ELEMENTS

  • fixed length control field: 250303|| aca||aabn | a|a d

040 ## - CATALOGING SOURCE

  • Original cataloging agency: BD-RjUL
  • Transcribing agency: BD-RjUL

150 ## - HEADING--TOPICAL TERM

  • Topical term or geographic name entry element: Poetry

670 ## - SOURCE DATA FOUND

  • Source citation: Work cat.: (BD-RjUL)84741: ادىب ٫ سىّد مسعُود حسن رضوى ;; Syed Masood Hasan Rizvi.Adeeb 15116, رُوح انىس : ىعنى، فردوسى هند مىر انىس کے بهترىن مرثىوں، سلاموں اور رباعىوں کا مجموعه جو متعدد قلمى نسخوں کے باهمى مقابلے کے بعد مقدموں اور حاشىوں کے ساتھ مرتب کىا گىا / Rūḥ-i Anīs : yaʻnī, Firdausī-yi Hind Mīr Anīs ke bahtarīn mars̲iyon̲, salāmon̲ aur rubāʻiyon̲ kā majmūʻah jo mutaʻaddid qalmī nusk̲h̲on̲ ke bāhmī muqābale /, 1964